Score 0/26 Timer 03:00
3 Plays Today
% Correct
Home
96%
See
95.4%
Pain
95.1%
Strings
94.2%
Smoke
94.1%
Present
93.9%
Unpunished
93.9%
Big
93.7%
Feelings
93.3%
Bark
93.2%
Stone
93.1%
Time
92%
Laughing
91.9%
% Correct
Skin
90%
Moss
89.9%
Rest
89.7%
News
89.4%
Island
89.4%
Say
89.1%
Cigar
88.6%
Guts
86%
Retreat
85.2%
Holds
84.5%
Tide
81.8%
Assembly
81.6%
Taste
78.8%

You're not logged in!

Compare scores with friends on all Sporcle quizzes.
OR
Log In

Sporcle TV

Today on Sporcle TV


Watch our educational content, quiz creation guides, and fun videos on Sporcle TV.

Show Comments

Extras

Top Quizzes Today


Score Distribution

Paid Content

Your Account Isn't Verified!

In order to create a playlist on Sporcle, you need to verify the email address you used during registration. Go to your Sporcle Settings to finish the process.

Report this User

Report this user for behavior that violates our Community Guidelines.

Details: